ნორმალური ფორმატი
MARC ფორმატი
ჩანაწერი Personal Name
ჩანაწერთა რაოდენობა, რომელიც გამოყენებულია: 1
001 - CONTROL NUMBER
- control field: 11634
003 - CONTROL NUMBER IDENTIFIER
- control field: GE_BSU
005 - DATE AND TIME OF LATEST TRANSACTION
- control field: 20210426145442.0
008 - FIXED-LENGTH DATA ELEMENTS
- fixed length control field: 210426|| aca||aabn | a|a d
040 ## - CATALOGING SOURCE
- Original cataloging agency: GE_BSU
- Transcribing agency: GE_BSU
100 ## - HEADING--PERSONAL NAME
- Personal name: სუხიშვილი, ეკატერინე
670 ## - SOURCE DATA FOUND
- Source citation: Work cat.: (GE_BSU)55453: სუხიშვილი, ეკატერინე, კალციტონინის გენთან დაკავშირებული პეპტიდის როლი მაკე ვირთაგვებში არტერიული წნევის რეგულაციის, ნაყოფის ზრდის და გადარჩენის პროცესში /
